000 00359nam a22001337a 4500
020 _a978-81-7700-236-2
082 _a530
_bSUM/C
100 _aARORA, SUMITA
245 _aCOMPUTER SCIENCE WITH PYTHON
_bTEXTBOOK FOR CLASS XII
250 _aFOURTEENTH EDITION
260 _aDELHI
_bDHANPAT RAI & CO
_c2023
650 _aINFORMATION TECHNOLOGY
_zINDIA
942 _cBK
999 _c6956
_d6956